JO 2024 - Gymnastique artistique tous.tes les médaillé.e.s - Statistiques

Statistiques générales
  • Ce quiz a été pris 268 fois
  • Le résultat moyen est 13 sur 44
Statistiques - réponses
Concours féminin par équipe Réponse % Correct
1 Simone Biles
87%
1 Simone Biles
87%
2 Simone Biles
87%
1 USA
82%
3 USA
82%
3 Brésil
70%
2 Italie
68%
2 Chine
67%
1 Kaylia Nemour
62%
1 Japon
61%
3 Sunisa Lee
60%
3 Sunisa Lee
60%
2 Rebeca Andrade
58%
2 Rebeca Andrade
58%
1 Rebeca Andrade
58%
1 Alice D'Amato
39%
3 Jordan Chiles
39%
3 Jade Carey
27%
3 Manila Esposito
18%
3 Ana Bărbosu
13%
1 Carlos Yulo
8%
1 Carlos Yulo
8%
3 Jake Jarman
7%
3 Elefthérios Petroúnias
6%
1 Shinnosuke Oka
6%
1 Shinnosuke Oka
6%
3 Shinnosuke Oka
6%
2 Zhou Yaqin
6%
2 Qiu Qiyuan
5%
1 Liu Yang
4%
2 Artem Dolgopyat
3%
2 Artur Davtyan
3%
2 Illia Kovtun
3%
1 Rhys McClenaghan
3%
2 Zhang Boheng
3%
3 Zhang Boheng
3%
2 Ángel Barajas
2%
3 Harry Hepworth
2%
2 Nariman Kurbanov
2%
3 Xiao Ruoteng
2%
2 Zou Jingyuan
2%
1 Zou Jingyuan
2%
3 Stephen Nedoroscik
1%
3 Tang Chia-hung
1%
Aucun quiz correspondant
Distribution des résultats
% des personnes avec chaque résultat
Percentile par nombre de réponses
Votre historique - résultats
Vous n’avez pas pris ce quiz